| 000 | 02226nkm0a2200421 4500 | ||
|---|---|---|---|
| 001 | RU\NLR\DIGIT\521561 | ||
| 005 | 20250806204418.0 | ||
| 010 |
_920050 экз. _d1 р. 20 к. |
||
| 020 |
_b630 _9ЛЕНИНГРАД В ВЕЛИКОЙ ОТЕЧЕСТВЕННОЙ ВОЙНЕ: Печать Ленинграда, 1941 - 1945: каталог изданий, хранящихся в фондах Государственной Публичной библиотеки, вып.2. Листовки,плакаты,открытки,альбомы/Гос.публ.б-ка им.М.Е.Салтыкова-Щедрина. - Ленинград,1972 |
||
| 035 | _a(NLR Aleph) 010470920 | ||
| 090 |
_a77202 _c77202 |
||
| 100 | _a20140603j1941 m y0rusy50 ca | ||
| 101 | 0 | _arus | |
| 102 | _aRU | ||
| 116 | _adiycxx zz ad | ||
| 135 | _acrcn 024apaba | ||
| 200 | 1 |
_aСлава боевым подругам! _e[Плакат] _fХудож. Г. Зайцев |
|
| 210 |
_aЛ. _cИзорам _d1941, сент. |
||
| 215 |
_a1 л. _d79х59 см |
||
| 325 | _aКопия доступна в Электрон. б-ке РНБ http://vivaldi.nlr.ru/la000010099/view | ||
| 327 | 1 | _aДевушка-санинструктор и бойцы, идущие в атаку | |
| 540 | 1 | _aДевушка-санинструктор и бойцы, идущие в атаку | |
| 606 | 1 |
_aБлокада Ленинграда _z1941 - 1944 _jПлакаты _2nlr_sh1 _2nlr_sh2 _3RU\NLR\AUTH\661253360 |
|
| 608 | _aПлакаты общественно-политические | ||
| 610 | 0 | _aПлакаты | |
| 701 | 1 |
_aЗайцев _bГ. _4040 |
|
| 801 |
_aRU _bNLR _c20110204 _2rusmarc |
||
| 852 |
_aNLR _bЛ3-310п _j12/3-2 |
||
| 856 | 0 | _uhttp://vivaldi.nlr.ru/la000010099/view | |
| 856 | 1 | _uhttp://vivaldi.nlr.ru/la000010099/cover | |
| 856 | 2 | _uhttp://vivaldi.nlr.ru/la000010099/text | |
| 942 | _cVISUAL | ||
| 945 | _aРоссийская национальная библиотека | ||
| 980 | _aBV | ||
| 981 | 1 | 7 |
_a(17) Изографические материалы _b(17) Плакаты |
| 981 | 3 | 7 | _a(37) Ленинград в Великой Отечественной войне |